000 00263nam a22000977a 4500
008 160507b xxu||||| |||| 00| 0 eng d
041 _aeng
080 _a615
245 _aThe pharmacological basis of therapeutics:
_cLouis S. Goodman; Alfred Gilman;
942 _2udc
_cBK
999 _c1896
_d1896